000 00320nam a22001457a 4500
008 231004b ||||| |||| 00| 0 eng d
020 _a9780195088212
041 _aeng
080 _a339.9
082 _a339.9SAP
100 _a44
101 _aFILOZ
245 _aEVOLUTION BY ASSOCIATION
_cSAPP.J
942 _2udc
_cBK
999 _c60420
_d60420